<?xml version="1.0" encoding="UTF-8"?>
<record
    xmlns:xsi="http://www.w3.org/2001/XMLSchema-instance"
    xsi:schemaLocation="http://www.loc.gov/MARC21/slim http://www.loc.gov/standards/marcxml/schema/MARC21slim.xsd"
    xmlns="http://www.loc.gov/MARC21/slim">

  <leader>02237nam a2200349 a 4500</leader>
  <controlfield tag="001">ebr10194453</controlfield>
  <controlfield tag="003">CaPaEBR</controlfield>
  <controlfield tag="006">m        u        </controlfield>
  <controlfield tag="007">cr cn|||||||||</controlfield>
  <controlfield tag="008">080118s2007    dcua    s    i000 0 eng d</controlfield>
  <datafield tag="010" ind1=" " ind2=" ">
    <subfield code="z">  2008270336</subfield>
  </datafield>
  <datafield tag="020" ind1=" " ind2=" ">
    <subfield code="z">0821372939</subfield>
  </datafield>
  <datafield tag="020" ind1=" " ind2=" ">
    <subfield code="z">9780821372937</subfield>
  </datafield>
  <datafield tag="020" ind1=" " ind2=" ">
    <subfield code="z">9780821372944 (eISBN)</subfield>
  </datafield>
  <datafield tag="020" ind1=" " ind2=" ">
    <subfield code="z">0821372947 (eISBN)</subfield>
  </datafield>
  <datafield tag="040" ind1=" " ind2=" ">
    <subfield code="a">CaPaEBR</subfield>
    <subfield code="c">CaPaEBR</subfield>
  </datafield>
  <datafield tag="035" ind1=" " ind2=" ">
    <subfield code="a">(OCoLC)290480423</subfield>
  </datafield>
  <datafield tag="050" ind1="1" ind2="4">
    <subfield code="a">HD3612</subfield>
    <subfield code="b">.C45 2007eb</subfield>
  </datafield>
  <datafield tag="245" ind1="0" ind2="0">
    <subfield code="a">Celebrating reform 2007</subfield>
    <subfield code="h">[electronic resource] :</subfield>
    <subfield code="b">doing business case studies.</subfield>
  </datafield>
  <datafield tag="260" ind1=" " ind2=" ">
    <subfield code="a">Washington :</subfield>
    <subfield code="b">International Finance Corporation :</subfield>
    <subfield code="b">World Bank :</subfield>
    <subfield code="b">USAID,</subfield>
    <subfield code="c">2007.</subfield>
  </datafield>
  <datafield tag="300" ind1=" " ind2=" ">
    <subfield code="a">90 p. :</subfield>
    <subfield code="b">col. ill.</subfield>
  </datafield>
  <datafield tag="505" ind1="0" ind2="0">
    <subfield code="t">Introduction : celebrating reform /</subfield>
    <subfield code="r">Simeon Djankov and Caralee McLiesh --</subfield>
    <subfield code="g">Starting a business --</subfield>
    <subfield code="t">Starting a business (quickly) in El Salvador /</subfield>
    <subfield code="r">James Newton, Sylvia Solf, and Adriana Vincentini --</subfield>
    <subfield code="t">How to double business entry in two years /</subfield>
    <subfield code="r">Tom Jersild and Zoran Skopljak --</subfield>
    <subfield code="t">Licensing 159 activities-- not 909 /</subfield>
    <subfield code="r">Svetlana Bagaudinova, Dana Omran and Umar Shavurov --</subfield>
    <subfield code="t">Employing Macedonia's youth /</subfield>
    <subfield code="r">Adam Larson, Kiril Minoski, and Janet Morris --</subfield>
    <subfield code="t">Need land administration reform? : start a revolution /</subfield>
    <subfield code="r">Penelope Fidas and Jim McNicholas --</subfield>
    <subfield code="t">Reforming the credit bureau law /</subfield>
    <subfield code="r">Frederic Bustelo --</subfield>
    <subfield code="t">Protecting investors from self-dealing /</subfield>
    <subfield code="r">Melissa Johns and Jean Michel Lobet --</subfield>
    <subfield code="t">Adding a million taxpayers /</subfield>
    <subfield code="r">Rita Ramalho --</subfield>
    <subfield code="t">Speeding up trade /</subfield>
    <subfield code="r">Allen Dennis --</subfield>
    <subfield code="t">Repairing a car with the engine running /</subfield>
    <subfield code="r">Sabine Hertveldt --</subfield>
    <subfield code="t">Faster, more orderly exit /</subfield>
    <subfield code="r">Justin Yap.</subfield>
  </datafield>
  <datafield tag="533" ind1=" " ind2=" ">
    <subfield code="a">Electronic reproduction.</subfield>
    <subfield code="b">Palo Alto, Calif. :</subfield>
    <subfield code="c">ebrary,</subfield>
    <subfield code="d">2013.</subfield>
    <subfield code="n">Available via World Wide Web.</subfield>
    <subfield code="n">Access may be limited to ebrary affiliated libraries.</subfield>
  </datafield>
  <datafield tag="650" ind1=" " ind2="0">
    <subfield code="a">Trade regulation</subfield>
    <subfield code="v">Case studies.</subfield>
  </datafield>
  <datafield tag="650" ind1=" " ind2="0">
    <subfield code="a">Commercial law</subfield>
    <subfield code="v">Case studies.</subfield>
  </datafield>
  <datafield tag="650" ind1=" " ind2="0">
    <subfield code="a">Economic development projects</subfield>
    <subfield code="x">Law and legislation</subfield>
    <subfield code="v">Case studies.</subfield>
  </datafield>
  <datafield tag="650" ind1=" " ind2="0">
    <subfield code="a">Industrial laws and legislation</subfield>
    <subfield code="v">Case studies.</subfield>
  </datafield>
  <datafield tag="655" ind1=" " ind2="7">
    <subfield code="a">Electronic books.</subfield>
    <subfield code="2">local</subfield>
  </datafield>
  <datafield tag="710" ind1="2" ind2=" ">
    <subfield code="a">World Bank Group.</subfield>
  </datafield>
  <datafield tag="710" ind1="2" ind2=" ">
    <subfield code="a">ebrary, Inc.</subfield>
  </datafield>
  <datafield tag="856" ind1="4" ind2="0">
    <subfield code="u">http://site.ebrary.com/lib/rucke/Doc?id=10194453</subfield>
    <subfield code="z">An electronic book accessible through the World Wide Web; click to view</subfield>
  </datafield>
  <datafield tag="999" ind1=" " ind2=" ">
    <subfield code="c">114010</subfield>
    <subfield code="d">114010</subfield>
  </datafield>
</record>
